Регионална библиотека "Любен Каравелов" - Русе

Бариерата | Белият гущер | Езерното момче (Запис номер 66129)

MARC детайли
000 -Лидер
Контролно поле с фиксирана дължина 01027nam a2200301 c 4500
003 - Код на организацията, давaща контролен номер
Контролно поле BLK
005 - Дата и час на последна редакция
Контролно поле 20230629003921.0
008 - Елементи от данни с фиксирана дължина
fixed length control field 180408b bul|||||r ||||||| ||bul||
010 ## - Наследен системен номер
LC control number KNG00070415000
040 ## - Източник на каталожния запис
Идентификатор на билиотеката - собственик на записа BLK
041 ## - Код за език
Код за езика на текст/звукозапис или на отделно заглавие Български
Код за езика КДБФ Български
080 ## - УДК
Текстов определител УДК Българска литература
УДК код - определител по УДК 821.163.2
УДК определител -32
УДК - код + определител 821.163.2-32
100 ## - Редна дума - Автор
Автор Вежинов, Павел
Дати, свързани с автора 1914–1983
Пълна форма на името Гугов, Никола Делчев
R(LIN) 249347
139 ## - Редно поле
Редна дума Вежинов, Павел
Авторски знак Вед - В 35
245 10 - Сведения за заглавието
Заглавие Бариерата
Редно поле (дума) Павел Вежинов.
245 10 - Сведения за заглавието
Заглавие Белият гущер
Подзаглавни данни
Редно поле (дума)
245 10 - Сведения за заглавието
Заглавие Езерното момче
Подзаглавни данни Повести
Редно поле (дума)
257 ## - Страна на издаване
Страна на създаване/издаване България
260 ## - Област на издателските данни
-- София
Име на издателя, разпространителя и проч. Бълг. писател
Година на издаване 1987
Печатница Ваорна : печ. Ст. Добрев-Странджата
300 ## - Физическа характеристика
Страници 288 с.
Размери/Мащаб 21 см
380 ## - Жанр
Жанр Худож. лит.
852 ## - Местоположение
Форматна сигнатура Цб 147876
856 4# - Електронен адрес и достъп
Електронен формат pdf - файл
Път до файла /url/
856 4# - Електронен адрес и достъп
Електронен формат pdf - файл
Път до файла /url/
942 ## - АРТИКУЛИ
Вид на библиотечния материал Книги
Скрит в OPAC Не
944 ## - СЪЗДАВАНЕ И РЕДАКЦИЯ на ЗАПИСА
Създаване/Редакция Създаване
Дата на регистрацията/редакция 09.01.2007
Служител, извършил регистрацията/редакцията Цветанка_Енчева
944 ## - СЪЗДАВАНЕ И РЕДАКЦИЯ на ЗАПИСА
Създаване/Редакция Редакция
Дата на регистрацията/редакция 17.01.2007
Служител, извършил регистрацията/редакцията
999 ## - СИСТЕМНИ КОНТРОЛНИ НОМЕРА
Koha biblionumber 66129
Koha biblioitemnumber 66129
Наличности
Код за отписване Код за изгубен артикул Източник на класификационната схема Код за повреда Коз за рестрикции Код за отдаване Артикулен № Име на библиотеката - собственик Име на библиотеката, в която се намира в момента Статус (Текущо местоположение) Дата на вписване в системата Местоположение - отдел Цена в лева Инвентарен номер Систематично азбучна сигнатура Баркод Номер на екземпляра Цена в евро Служебна бележка Служебен тип на артикула
Изтеглен Не е изгубен Universal Decimal Classification Не е повреден без рестрикции заемане за дома 109405 Регионална библиотека "Любен Каравелов" Русе Регионална библиотека "Любен Каравелов" Русе Заемна - подръчен фонд 2007-01-09 Заемна - подръчен фонд 0.00 120000708311 П 886.7-32/В 35 120000708311 1 0.00 Дост: DA Вид: А N: 1 Дата: 05.01.2007 Книги
  Не е изгубен Universal Decimal Classification Не е повреден без рестрикции ползва се в читалня 109406 Регионална библиотека "Любен Каравелов" Русе Регионална библиотека "Любен Каравелов" Русе Хранилище 2001-01-01 Хранилище 2.29 476471 Цб 147876 120000476471 2 1.17 Дост: Dp Вид: Д N: стар фонд Дата: 01.01.2001 Книги
Изтеглен Не е изгубен Universal Decimal Classification Не е повреден без рестрикции заемане за дома 109407 Регионална библиотека "Любен Каравелов" Русе Регионална библиотека "Любен Каравелов" Русе Заемна - подръчен фонд 2001-01-01 Заемна - подръчен фонд 2.29 477196 П 886.7/В 35 477196 3 1.17 Дост: Pk Вид: Ф N: стар фонд Дата: 01.01.2001 Книги
Изтеглен Не е изгубен Universal Decimal Classification Не е повреден без рестрикции заемане за дома 109408 Регионална библиотека "Любен Каравелов" Русе Регионална библиотека "Любен Каравелов" Русе Детски отдел 2001-01-01 Детски отдел 2.29 584338 Д 886.7/В 35 584338 4 1.17 Дост: Pk Вид: Ф N: стар фонд Дата: 01.01.2001 Дата инв: 26.08.2015 Бележки инв: Д2015 Книги
Vip Innovations Ltd, Rousse, Bulgaria 2025